Devine le cockpit - Edition Avion de Chasse - Statistiques

Statistiques générales
  • Ce quiz a été pris 65 fois
  • Le résultat moyen est 6 sur 12
Statistiques - réponses
Par images Réponse % Correct
General Dynamics F-16 Fighting Falcon
79%
Lockheed Martin F-35 Lightning II
75%
Dassault Rafale
73%
McDonnell Douglas F/A-18 Hornet
67%
Lockheed Martin F-22 Raptor
52%
Mikoyan-Gourevitch MiG-29 Fulcrum
46%
Soukhoï Su-27 Flanker
44%
Eurofighter Typhoon
40%
Dassault Mirage 2000
27%
McDonnell Douglas F-15 Eagle
25%
Saab JAS 39 Gripen
25%
Panavia Tornado
13%
Aucun quiz correspondant
Distribution des résultats
% des personnes avec chaque résultat
Percentile par nombre de réponses
Votre historique - résultats
Vous n’avez pas pris ce quiz